HSV-Kader 25/26 - Statistiken

Allgemein
  • Dieses Quiz wurde 60 mal gespielt
  • Das Durchschnittsergebnis liegt bei 24 aus 34
Antwortstatistiken
# Position Name % Korrekt
1 TW Daniel Heuer Fernandes
100%
7 LF Jean-Luc Dompé
98%
44 IV Luka Vušković
98%
28 LV/LM Miro Muheim
95%
9 ST Robert Glatzel
95%
11 ST Ransford-Yeboah Königsdörffer
91%
6 ZM Albert Sambi Lokonga
86%
49 ST Otto Stange
86%
8 IV Daniel Elfadli
84%
2 RV/RM William Mikelbrencis
84%
21 ZM Nicolai Remberg
82%
25 IV Jordan Torunarigha
80%
15 ST Yussuf Poulsen
77%
45 LF Fabio Baldé
73%
24 IV/ZM Nicolás Capaldo
73%
27 LF Philip Otele
73%
14 RF/ST Rayan Philippe
70%
17 IV Warmed Omari
70%
19 ST Damion Downs
68%
20 ZOM/RF Fábio Vieira
68%
10 ZOM Immanuel Pherai
68%
3 LV/LM Noah Katterbach
66%
18 RM/RF Bakery Jatta
64%
38 LF Alexander Røssing-Lelesiit
59%
23 ZDM Jonas Meffert
59%
40 TW Hannes Hermann
57%
12 TW Sander Tangvik
57%
23 ZOM Albert Grønbæk
55%
16 RV/RM Giorgi Gocholeishvili
52%
29 RF Emir Sahiti
50%
13 IV Guilherme Ramos
50%
30 RV/RM Silvan Hefti
48%
22 IV Aboubaka Soumahoro
45%
41 TW Fernando Dickes
45%
Keine übereinstimmenden Quizze gefunden
Verteilung der Resultate
Anzahl Personen mit jedem Resultat
Perzentil nach korrekt beantworteten Fragen
Ihre Resultats-Entwicklung
Sie haben dieses Quiz noch nicht gespielt